Odraz osobnostných charakteristík učiteľa v jeho výchovnovzdelávacom pôsobení
Niektoré osobnostné vlastnosti učiteľa, ktoré sú dôležité z hľadiska jeho úspešného pedagogického pôsobenia. Temperament učiteľa a jeho prejav. Význam pozitívnej vnútornej motivácie učiteľa. Pozitívne charakterové vlastnosti, ktoré sú považované za predpoklad zodpovedného vzťahu k učiteľskému povola...
Salvato in:
| Autore principale: | |
|---|---|
| Natura: | Capitolo di libro |
| Lingua: | slovacco |
| Soggetti: | |
| Tags: |
Nessun Tag, puoi essere il primo ad aggiungerne!!
|
MARC
| LEADER | 00000naa$a2200000$$$4500 | ||
|---|---|---|---|
| 001 | 0260422 | ||
| 005 | 20240502083743.8 | ||
| 041 | 0 | |a slo | |
| 044 | |a CZ | ||
| 245 | 1 | 0 | |a Odraz osobnostných charakteristík učiteľa v jeho výchovnovzdelávacom pôsobení |c Zuzana Chmelárová |
| 520 | |a Niektoré osobnostné vlastnosti učiteľa, ktoré sú dôležité z hľadiska jeho úspešného pedagogického pôsobenia. Temperament učiteľa a jeho prejav. Význam pozitívnej vnútornej motivácie učiteľa. Pozitívne charakterové vlastnosti, ktoré sú považované za predpoklad zodpovedného vzťahu k učiteľskému povolaniu a pozitívneho vplyvu na žiakov. | ||
| 610 | 2 | 0 | |a učitelia |
| 610 | 2 | 0 | |a motivácia |
| 610 | 2 | 0 | |a výchova |
| 610 | 2 | 0 | |a vzdelávanie |
| 610 | 2 | 0 | |a psychológia pedagogická |
| 100 | 1 | |a Chmelárová, Zuzana, 1967- | |